<?xml version="1.0" encoding="UTF-8"?>
<marc:record xmlns:marc="http://www.loc.gov/MARC21/slim">
   <marc:leader>00000nam a2200000 a 4500</marc:leader>
   <marc:datafield ind1="1" ind2=" " tag="100">
      <marc:subfield code="a">Bachmann, Stefan</marc:subfield>
      <marc:subfield code="4">aut</marc:subfield>
      <marc:subfield code="e">Verfasser/-in</marc:subfield>
   </marc:datafield>
   <marc:datafield ind1="0" ind2="0" tag="245">
      <marc:subfield code="a">Die Wedernoch</marc:subfield>
   </marc:datafield>
   <marc:datafield ind1="0" ind2="0" tag="245">
      <marc:subfield code="b">Roman</marc:subfield>
   </marc:datafield>
   <marc:datafield ind1="0" ind2="0" tag="245">
      <marc:subfield code="c">Stefan Bachmann. Aus dem Amerikan. von Hannes Riffel</marc:subfield>
   </marc:datafield>
   <marc:datafield ind1=" " ind2="1" tag="264">
      <marc:subfield code="a">Zürich</marc:subfield>
      <marc:subfield code="b">Diogenes</marc:subfield>
      <marc:subfield code="c">2014</marc:subfield>
   </marc:datafield>
   <marc:datafield ind1="1" ind2=" " tag="520">
      <marc:subfield code="a">Angaben aus der Verlagsmeldung

Die Wedernoch The Whatnot / von Stefan Bachmann

Die Fortsetzung des Fantasy-Bestsellers ›Die Seltsamen‹ von Stefan Bachmann, dem Zürcher »Wunderkind« (Wolfgang Höbel / Kulturspiegel, Hamburg).
Bartholomew hat aus nächster Nähe mit angesehen, wie sich ein Tor zwischen seiner Welt und dem verzauberten Feenforst auftat und seine Schwester dahinter verschwand. Er hatte versprochen, Hettie nach Hause zu holen, koste es, was es wolle. Aber was ist, wenn die bösen Wesen nur den richtigen Moment abwarten, um auch ihn zu entführen? ›Die Wedernoch‹ zeigt auf höchst packende Weise, wie drei junge Außenseiter – nicht obwohl, sondern weil sie anders sind! – die gefährlichsten Abenteuer bestehen können.
</marc:subfield>
   </marc:datafield>
   <marc:datafield ind1=" " ind2=" " tag="020">
      <marc:subfield code="a">9783257069068</marc:subfield>
      <marc:subfield code="9">9783257069068</marc:subfield>
   </marc:datafield>
   <marc:datafield ind1=" " ind2=" " tag="020">
      <marc:subfield code="a">3257069065</marc:subfield>
      <marc:subfield code="9">3257069065</marc:subfield>
   </marc:datafield>
   <marc:datafield ind1=" " ind2=" " tag="041">
      <marc:subfield code="a">ger</marc:subfield>
   </marc:datafield>
   <marc:datafield ind1=" " ind2=" " tag="300">
      <marc:subfield code="a">407 S.</marc:subfield>
   </marc:datafield>
</marc:record>
